سيكولوجية العدوان : (رقم التسجيلة. 1831)

تفاصيل مارك
000 -LEADER
fixed length control field 00566nam a22001697a 4500
005 - DATE AND TIME OF LATEST TRANSACTION
control field 20251108164028.0
008 - FIXED-LENGTH DATA ELEMENTS--GENERAL INFORMATION
fixed length control field 250721s1986 xx 000 0 ara d
082 14 - DEWEY DECIMAL CLASSIFICATION NUMBER
Classification number 150/سيك
100 1# - MAIN ENTRY--PERSONAL NAME
Personal name فرويد،
245 10 - TITLE STATEMENT
Title سيكولوجية العدوان :
Remainder of title بحوث في ديناميكية العدوان لدى الفرد - الجماعة- الدولة /
264 1# - PRODUCTION, PUBLICATION, DISTRIBUTION, MANUFACTURE, AND COPYRIGHT NOTICE
Place of production, publication, distribution, manufacture عمان :
Name of producer, publisher, distributor, manufacturer دار منارات،
Date of production, publication, distribution, manufacture, or copyright notice 1986.
300 ## - PHYSICAL DESCRIPTION
Extent 254ص.
650 17 - SUBJECT ADDED ENTRY--TOPICAL TERM
Topical term or geographic name as entry element علم النفس
700 1# - ADDED ENTRY--PERSONAL NAME
Personal name ناصيف، عبد الكريم
Relator term ترجمة
942 ## - ADDED ENTRY ELEMENTS (KOHA)
Source of classification or shelving scheme Dewey Decimal Classification
Koha item type كتب
المقتنيات
حالة السحب حالة الفقدان مصدر التصنيف حالة التلف غير قابل للإعارة المكتبة الرئيسية المكتبة الحالية موقع الرف تاريخ التزويد الرقم المتسلسل Total Checkouts رقم الإستدعاء تاريخ آخر ظهور تاريخ الفاتورة نوع المادة (كوها) الباركود
    Dewey Decimal Classification     مكتبة البراعم الواعدة مكتبة البراعم الواعدة الإعارة 10/11/2015 1474584   150/سيك 28/07/2025 10/11/2015 كتب PLD00363475
    Dewey Decimal Classification Unchecked   مكتبة النصر العامة مكتبة النصر العامة الإعارة 06/07/2004 127711   150/سيك 28/07/2025 06/07/2004 كتب  
    Dewey Decimal Classification     مكتبة النصر العامة مكتبة النصر العامة الإعارة 28/09/2014 [1541   150/سيك 28/07/2025 28/09/2014 كتب PLD00307724
    Dewey Decimal Classification Unchecked   مكتبة حمزة العامة مكتبة حمزة العامة الإعارة 06/07/2004 2694   150/سيك 28/07/2025 06/07/2004 كتب  
    Dewey Decimal Classification Unchecked   مكتبة حمزة العامة مكتبة حمزة العامة الإعارة 06/07/2004 2695   150/سيك 28/07/2025 06/07/2004 كتب  
    Dewey Decimal Classification     مكتبة صويلح العامة مكتبة صويلح العامة الإعارة 29/06/2015 05465   150/سيك 28/07/2025 29/06/2015 كتب PLD00334839
    Dewey Decimal Classification     مكتبة صويلح العامة مكتبة صويلح العامة الإعارة 06/07/2015 001511   150/سيك 28/07/2025 06/07/2015 كتب PLD00336617
Implemented & Customized by: BBB with SCIT (Smart Chains for Information Technology)

Powered by Koha